Statistics for Kylie Minogue Albums

Click here to take the quiz!

General Stats

  • This quiz has been taken 32 times
  • The average score is 14 of 16

Answer Stats

YearAlbum% Correct
2020Disco
100%
2018Golden
100%
1988Kylie
100%
2010Aphrodite
96%
2001Fever
96%
2014Kiss Me Once
96%
2000Light Years
96%
2023Tension
96%
2007X
96%
2003Body Language
92%
1994Kylie Minogue
92%
1997Impossible Princess
88%
2015Kylie Christmas
68%
1989Enjoy Yourself
64%
1991Let's Get to It
64%
1990Rhythm of Love
56%

Score Distribution

Percentile by Number Answered

Percent of People with Each Score

Your Score History

You have not taken this quiz